[Event "Titled Tuesday intern op 29th Dec"]
[Site "Chess.com INT"]
[Date "2020.12.29"]
[Round "5"]
[White "Sanchez Alvares, Kelvin Antonio"]
[Black "Quinones, Cesar Luis"]
[Result "0-1"]
[WhiteElo "2250"]
[BlackElo "2154"]
[PlyCount "46"]
[EventDate "2020.12.29"]
[EventType "swiss (blitz)"]
[EventRounds "11"]
[EventCountry "USA"]
[SourceTitle "CBM 200 Extra"]
[Source "ChessBase"]
[SourceDate "2021.03.31"]
[SourceVersion "1"]
[SourceVersionDate "2021.03.31"]
[SourceQuality "1"]

1. d4 Nf6 2. c4 c5 3. d5 b5 4. cxb5 a6 5. bxa6 g6 6. g3 d6 7. Bg2 Bg7 8. Nc3 Bxa6 9. Nf3 0-0 10. 0-0 Nbd7 11. Re1 Ng4 12. h3 Nge5 13. Nxe5 Nxe5 14. e4 Nd3 15. Re3 Nxc1 16. Rxc1 Rb8 17. b3 Bd4 18. Re1 Qa5 19. Na4 Bb5 20. e5 Bxa4 21. bxa4 Rb2 22. Rc2 Rxc2 23. Qxc2 Qxe1+ 0-1

[Event "Titled Tuesday intern op 29th Dec"]
[Site "Chess.com INT"]
[Date "2020.12.29"]
[Round "2"]
[White "Tokman, Ariel"]
[Black "Quinones, Cesar Luis"]
[Result "1-0"]
[WhiteElo "2316"]
[BlackElo "2154"]
[PlyCount "103"]
[EventDate "2020.12.29"]
[EventType "swiss (blitz)"]
[EventRounds "11"]
[EventCountry "USA"]
[SourceTitle "CBM 200 Extra"]
[Source "ChessBase"]
[SourceDate "2021.03.31"]
[SourceVersion "1"]
[SourceVersionDate "2021.03.31"]
[SourceQuality "1"]

1. e4 c5 2. Nf3 Nc6 3. Bb5 g6 4. c3 Bg7 5. 0-0 Nf6 6. Re1 Qb6 7. Ba4 0-0 8. d3 d6 9. Nbd2 a6 10. Bc2 Bg4 11. h3 Bxf3 12. Qxf3 Rac8 13. h4 Qc7 14. Nf1 b5 15. Ng3 b4 16. h5 bxc3 17. bxc3 Qa5 18. Bd2 Nd4 19. Qd1 Nxc2 20. Qxc2 Nd7 21. Rab1 Rb8 22. h6 Bf6 23. Rxb8 Rxb8 24. Rb1 Rb5 25. Nf1 Qb6 26. Rb3 Ne5 27. c4 Rxb3 28. axb3 Nc6 29. Be3 Bd4 30. Qa2 e6 31. Qa4 f5 32. Bxd4 cxd4 33. Ng3 Kf7 34. Ne2 Ke7 35. Nf4 a5 36. Nxg6+ hxg6 37. h7 Qb8 38. Qxc6 Qh8 39. Qc7+ Kf6 40. Qa7 e5 41. Qd7 fxe4 42. Qxd6+ Kg5 43. Qe7+ Kh6 44. dxe4 Qxh7 45. Qxe5 Qd7 46. Qd5 Qxd5 47. exd5 Kg7 48. Kf1 Kf6 49. Ke2 Ke5 50. Kd3 g5 51. f3 Kd6 52. Kxd4 1-0

[Event "Titled Tuesday intern op 15st Dec"]
[Site "Chess.com INT"]
[Date "2020.12.15"]
[Round "2"]
[White "Isajevsky, Anton"]
[Black "Quinones, Cesar Luis"]
[Result "1-0"]
[WhiteElo "2403"]
[BlackElo "2154"]
[PlyCount "87"]
[EventDate "2020.12.15"]
[EventType "swiss (blitz)"]
[EventRounds "11"]
[EventCountry "USA"]
[SourceTitle "CBM 199 Extra"]
[Source "ChessBase"]
[SourceDate "2021.01.31"]
[SourceVersion "1"]
[SourceVersionDate "2021.01.31"]
[SourceQuality "1"]

1. c4 Nf6 2. Nc3 g6 3. e4 d6 4. d4 Bg7 5. h3 0-0 6. Be3 e5 7. d5 a5 8. c5 Nh5 9. cxd6 cxd6 10. Nf3 Na6 11. Nd2 Nc5 12. g3 Bd7 13. Be2 Nf6 14. Kf1 Ne8 15. Kg2 f5 16. exf5 gxf5 17. f4 e4 18. Nc4 Qc7 19. Bd4 b5 20. Ne3 b4 21. Bxg7 Nxg7 22. Nb5 Qb6 23. Nd4 Nd3 24. Ndc2 Nxb2 25. Qd2 Na4 26. Nc4 Qc5 27. N2e3 Nc3 28. Rac1 Bb5 29. Bf1 Rac8 30. Kh2 Bxc4 31. Bxc4 Kh8 32. Rhf1 Rb8 33. g4 fxg4 34. hxg4 Rbe8 35. Kg3 Re7 36. f5 Ref7 37. Rh1 Qc7 38. Rh6 Ne8 39. Qd4+ Rg7 40. Rch1 Kg8 41. f6 Rg6 42. Rxg6+ hxg6 43. f7+ Kxf7 44. Rh7+ 1-0

[Event "Titled Tuesday intern op 15st Dec"]
[Site "Chess.com INT"]
[Date "2020.12.15"]
[Round "5"]
[White "Tharushi, THD Niklesha"]
[Black "Quinones, Cesar Luis"]
[Result "0-1"]
[WhiteElo "1712"]
[BlackElo "2154"]
[PlyCount "48"]
[EventDate "2020.12.15"]
[EventType "swiss (blitz)"]
[EventRounds "11"]
[EventCountry "USA"]
[SourceTitle "CBM 199 Extra"]
[Source "ChessBase"]
[SourceDate "2021.01.31"]
[SourceVersion "1"]
[SourceVersionDate "2021.01.31"]
[SourceQuality "1"]

1. d4 Nf6 2. c4 c5 3. d5 b5 4. Qc2 bxc4 5. e4 d6 6. Bxc4 g6 7. Nc3 Bg7 8. Nf3 0-0 9. 0-0 Ba6 10. Bxa6 Nxa6 11. a3 Nc7 12. Nd2 a6 13. Nc4 Nb5 14. h3 Nd4 15. Qd1 Nd7 16. f4 Rb8 17. Be3 Nb6 18. Nxb6 Qxb6 19. Na4 Qb3 20. Re1 Nc2 21. Bxc5 dxc5 22. Nxc5 Qc4 23. Rc1 Qxc5+ 24. Kh2 Rxb2 0-1

[Event "Titled Tuesday intern op 15th Sept"]
[Site "Chess.com INT"]
[Date "2020.09.15"]
[Round "1"]
[White "Nguyen, Quoc Hy"]
[Black "Quinones, Cesar Luis"]
[Result "1/2-1/2"]
[WhiteElo "2242"]
[BlackElo "2154"]
[PlyCount "79"]
[EventDate "2020.09.15"]
[EventType "swiss (blitz)"]
[EventRounds "10"]
[EventCountry "USA"]
[SourceTitle "CBM 198 Extra"]
[Source "ChessBase"]
[SourceDate "2020.11.30"]
[SourceVersion "1"]
[SourceVersionDate "2020.11.30"]
[SourceQuality "1"]

1. d4 Nf6 2. c4 c5 3. d5 b5 4. cxb5 a6 5. bxa6 g6 6. Nc3 Bg7 7. e4 Qa5 8. Bd2 0-0 9. Nf3 Bxa6 10. Bxa6 Qxa6 11. Qe2 d6 12. Qxa6 Nxa6 13. 0-0 Rfb8 14. Rfb1 Nb4 15. Ne1 c4 16. a4 Na6 17. Be3 Nd7 18. f3 Ndc5 19. Nc2 Rxb2 20. Rxb2 Bxc3 21. Bd4 Bxb2 22. Bxb2 Nb3 23. Ra3 Nac5 24. Ne3 Rxa4 25. Rxa4 Nxa4 26. Nxc4 Nxb2 27. Nxb2 Nc5 28. Kf2 e6 29. dxe6 fxe6 30. Ke3 Kf7 31. Nd3 Nd7 32. Kd4 g5 33. g3 h5 34. Nf2 Kf6 35. f4 gxf4 36. gxf4 e5+ 37. fxe5+ dxe5+ 38. Ke3 Nf8 39. Kf3 Ng6 40. Nd3 1/2-1/2

[Event "Titled Tuesday intern op 15th Sept"]
[Site "Chess.com INT"]
[Date "2020.09.15"]
[Round "3"]
[White "Nitish, Belurkar"]
[Black "Quinones, Cesar Luis"]
[Result "1-0"]
[WhiteElo "2351"]
[BlackElo "2154"]
[PlyCount "117"]
[EventDate "2020.09.15"]
[EventType "swiss (blitz)"]
[EventRounds "10"]
[EventCountry "USA"]
[SourceTitle "CBM 198 Extra"]
[Source "ChessBase"]
[SourceDate "2020.11.30"]
[SourceVersion "1"]
[SourceVersionDate "2020.11.30"]
[SourceQuality "1"]

1. d4 d5 2. Nf3 c6 3. e3 Nf6 4. c4 e6 5. Nc3 Nbd7 6. Bd3 dxc4 7. Bxc4 b5 8. Bd3 a6 9. 0-0 Bb7 10. e4 c5 11. d5 c4 12. Bc2 Qc7 13. Bg5 0-0-0 14. dxe6 fxe6 15. Qe2 h6 16. Bh4 Ne5 17. Nxe5 Qxe5 18. f4 Qc5+ 19. Kh1 Be7 20. Rad1 Rxd1 21. Rxd1 Rd8 22. Rxd8+ Bxd8 23. e5 Nd5 24. Ne4 Qc7 25. Nd6+ Kb8 26. Bxd8 Qxd8 27. Qg4 Qe7 28. Be4 Ne3 29. Qf3 Bxe4 30. Qxe3 Bb7 31. Qb6 Qc7 32. Qxc7+ Kxc7 33. Ne8+ Kd7 34. Nxg7 Be4 35. Kg1 b4 36. Kf2 c3 37. bxc3 bxc3 38. Ke3 c2 39. Kd2 Bxg2 40. Kxc2 Bd5 41. a3 Ke7 42. Nh5 Kf7 43. Ng3 Kg6 44. Kc3 h5 45. h4 Bf3 46. Kd4 Bd1 47. Kc5 Bg4 48. a4 Bd1 49. a5 Ba4 50. Kd6 Bb3 51. Ne4 Bc4 52. Ng3 Bb3 53. f5+ exf5 54. Ne2 f4 55. Nxf4+ Kf5 56. Nxh5 Kg4 57. Ng7 Kxh4 58. e6 Bxe6 59. Nxe6 1-0

[Event "Titled Tuesday intern op 08th Sept"]
[Site "Chess.com INT"]
[Date "2020.09.08"]
[Round "2"]
[White "Shubin, Kirill"]
[Black "Quinones, Cesar Luis"]
[Result "1-0"]
[WhiteElo "2429"]
[BlackElo "2154"]
[PlyCount "83"]
[EventDate "2020.09.08"]
[EventType "swiss (blitz)"]
[EventRounds "10"]
[EventCountry "USA"]
[SourceTitle "CBM 198 Extra"]
[Source "ChessBase"]
[SourceDate "2020.11.30"]
[SourceVersion "1"]
[SourceVersionDate "2020.11.30"]
[SourceQuality "1"]

1. e4 c5 2. Nf3 Nc6 3. Bb5 g6 4. Bxc6 dxc6 5. d3 Bg7 6. h3 e5 7. a4 Qe7 8. a5 Nf6 9. Nbd2 Nd7 10. Nc4 0-0 11. Be3 Rb8 12. Qd2 Re8 13. 0-0 Nf8 14. Nfxe5 Bxe5 15. Nxe5 Qxe5 16. Bf4 Qh5 17. Bxb8 Bxh3 18. gxh3 Rxb8 19. Qf4 Re8 20. Qg4 Qe5 21. c3 h5 22. Qg3 Qe6 23. f4 Qb3 24. Rf2 c4 25. f5 cxd3 26. Qxd3 Kg7 27. Raf1 Qb5 28. Qd4+ Qe5 29. fxg6 Nxg6 30. Rxf7+ Kh6 31. Qe3+ Qg5+ 32. Qxg5+ Kxg5 33. R1f5+ Kh6 34. Rxb7 Rxe4 35. Rxa7 Re2 36. Rb7 Nh4 37. Rf2 Re1+ 38. Kh2 Re3 39. a6 Nf3+ 40. Rxf3 Rxf3 41. a7 Rf2+ 42. Kg1 1-0

[Event "Titled Tuesday intern op 01st Sept"]
[Site "Chess.com INT"]
[Date "2020.09.01"]
[Round "7"]
[White "Ledakov, Alexandr"]
[Black "Quinones, Cesar Luis"]
[Result "0-1"]
[WhiteElo "2309"]
[BlackElo "2154"]
[PlyCount "98"]
[EventDate "2020.09.01"]
[EventType "swiss (blitz)"]
[EventRounds "10"]
[EventCountry "USA"]
[SourceTitle "CBM 198 Extra"]
[Source "ChessBase"]
[SourceDate "2020.11.30"]
[SourceVersion "1"]
[SourceVersionDate "2020.11.30"]
[SourceQuality "1"]

1. Nf3 Nf6 2. d4 d5 3. c4 c6 4. Qc2 dxc4 5. Qxc4 Bf5 6. g3 e6 7. Bg2 Nbd7 8. 0-0 Be7 9. Nc3 Bc2 10. e3 Nb6 11. Qe2 Bg6 12. Rd1 Nbd5 13. Ne5 0-0 14. Nxg6 hxg6 15. e4 Nxc3 16. bxc3 Qa5 17. Bd2 Rad8 18. Qc4 Nd7 19. Qb3 b6 20. f4 c5 21. c4 Qa6 22. d5 exd5 23. cxd5 c4 24. Qc2 Bc5+ 25. Kh1 b5 26. a4 b4 27. Bf1 Nb6 28. a5 b3 29. Qxb3 cxb3 30. Bxa6 Nd7 31. e5 Rb8 32. Rab1 Ba3 33. Bc4 b2 34. d6 Nc5 35. Kg2 Rfc8 36. Kf3 Na4 37. Ba6 Rc6 38. Bd3 Nc5 39. Bc4 Na4 40. Bd5 Rc5 41. Be1 Rcc8 42. Ke2 Bb4 43. Bxb4 Rxb4 44. Rd2 Nc3+ 45. Kd3 Nxb1 46. d7 Rd8 47. Rxb2 Rxb2 48. e6 fxe6 49. Bxe6+ Kf8 0-1

[Event "Titled Tuesday intern op 01st Sept"]
[Site "Chess.com INT"]
[Date "2020.09.01"]
[Round "10"]
[White "Quinones, Cesar Luis"]
[Black "Petrukhina, Irina"]
[Result "0-1"]
[WhiteElo "2154"]
[BlackElo "2219"]
[PlyCount "130"]
[EventDate "2020.09.01"]
[EventType "swiss (blitz)"]
[EventRounds "10"]
[EventCountry "USA"]
[SourceTitle "CBM 198 Extra"]
[Source "ChessBase"]
[SourceDate "2020.11.30"]
[SourceVersion "1"]
[SourceVersionDate "2020.11.30"]
[SourceQuality "1"]

1. e4 c5 2. Nf3 d6 3. Bc4 Nf6 4. d3 g6 5. e5 dxe5 6. Nxe5 e6 7. Bg5 Bg7 8. Bb5+ Nbd7 9. Qf3 Qa5+ 10. Nc3 0-0 11. Nc4 Qc7 12. 0-0 a6 13. Bxd7 Nxd7 14. Be7 Ne5 15. Nxe5 Qxe7 16. Nc4 Rb8 17. a4 b5 18. axb5 axb5 19. Na5 Bd7 20. Nc6 Bxc6 21. Qxc6 Rfc8 22. Qe4 b4 23. Na4 b3 24. c3 Qd6 25. Qc4 h6 26. Rfd1 Kh7 27. g3 Qc6 28. h4 h5 29. Ra3 Ra8 30. Rda1 Rcb8 31. Qxc5 Qxc5 32. Nxc5 Rxa3 33. Rxa3 Bxc3 34. Rxb3 Rxb3 35. Nxb3 Bxb2 36. Kf1 Kg7 37. Ke2 Kf6 38. d4 Ke7 39. Kd3 Kd6 40. Kc4 Ba3 41. Nd2 Bb2 42. Ne4+ Ke7 43. Nc5 Bc1 44. Kd3 Ba3 45. Nb3 Bb4 46. f3 Be1 47. g4 Bxh4 48. gxh5 gxh5 49. Ke4 Bf6 50. f4 h4 51. Nd2 Kd6 52. Nf3 Be7 53. f5 exf5+ 54. Kxf5 Kd5 55. Kg4 Ke4 56. Nxh4 Bxh4 57. Kxh4 Kxd4 58. Kg5 Ke5 59. Kg4 Ke4 60. Kg5 f5 61. Kh4 f4 62. Kh3 Ke3 63. Kg2 Ke2 64. Kg1 f3 65. Kh2 f2 0-1

[Event "Titled Tuesday intern op 18th Aug"]
[Site "Chess.com INT"]
[Date "2020.08.18"]
[Round "3"]
[White "Starosta, Martyna"]
[Black "Quinones, Cesar Luis"]
[Result "0-1"]
[WhiteElo "2044"]
[BlackElo "2154"]
[PlyCount "58"]
[EventDate "2020.08.18"]
[EventType "swiss (blitz)"]
[EventRounds "10"]
[EventCountry "USA"]
[SourceTitle "CBM 197 Extra"]
[Source "ChessBase"]
[SourceDate "2020.09.30"]
[SourceVersion "1"]
[SourceVersionDate "2020.09.30"]
[SourceQuality "1"]

1. e4 c5 2. Nf3 Nc6 3. d4 cxd4 4. Nxd4 Nf6 5. Nc3 d6 6. Bc4 Qb6 7. Nxc6 bxc6 8. 0-0 g6 9. Bg5 Bg7 10. a4 Qxb2 11. Qf3 Qb6 12. Rab1 Qc7 13. e5 dxe5 14. Nb5 Qd7 15. Rfd1 e4 16. Rxd7 Bxd7 17. Qe3 cxb5 18. Bxb5 Bxb5 19. Rxb5 0-0 20. Bxf6 Bxf6 21. Qxe4 Rac8 22. g3 Rfd8 23. Rb7 Rd1+ 24. Kg2 Rd2 25. Rxa7 Rcxc2 26. Ra8+ Kg7 27. Qf4 Ra2 28. a5 Rd4 29. Qf3 Rda4 0-1

[Event "Titled Tuesday intern op 18th Aug"]
[Site "Chess.com INT"]
[Date "2020.08.18"]
[Round "6"]
[White "Usmanov, Vasily"]
[Black "Quinones, Cesar Luis"]
[Result "1-0"]
[WhiteElo "2436"]
[BlackElo "2154"]
[PlyCount "123"]
[EventDate "2020.08.18"]
[EventType "swiss (blitz)"]
[EventRounds "10"]
[EventCountry "USA"]
[SourceTitle "CBM 197 Extra"]
[Source "ChessBase"]
[SourceDate "2020.09.30"]
[SourceVersion "1"]
[SourceVersionDate "2020.09.30"]
[SourceQuality "1"]

1. Nf3 d5 2. e3 Bf5 3. c4 c6 4. Nc3 e6 5. Qb3 Qb6 6. Qxb6 axb6 7. d3 h6 8. e4 dxe4 9. dxe4 Bh7 10. Be3 Nd7 11. Nd2 Bc5 12. Bxc5 Nxc5 13. 0-0-0 Nf6 14. f3 Na4 15. Nxa4 Rxa4 16. a3 Ke7 17. Nb1 Nd7 18. Be2 Nc5 19. b4 Nd7 20. Kb2 f5 21. Nc3 Raa8 22. exf5 Bxf5 23. Rhe1 Rhd8 24. Bd3 Kf6 25. Bxf5 exf5 26. Rd6+ Kf7 27. Red1 Ke7 28. f4 Nf6 29. Rxd8 Rxd8 30. Rxd8 Kxd8 31. h3 Kc7 32. Kc2 Kd6 33. Kd3 g6 34. Kd4 Nh5 35. Ke3 Nf6 36. Na4 Kc7 37. Kd4 Nh5 38. Ke5 b5 39. cxb5 cxb5 40. Nc3 Kc6 41. g4 fxg4 42. hxg4 Ng3 43. Kf6 h5 44. gxh5 gxh5 45. Kg5 h4 46. Kxh4 Nf5+ 47. Kg5 Nd4 48. f5 Nc2 49. f6 Kd7 50. Kg6 Ke8 51. Kg7 Nd4 52. f7+ Kd7 53. f8Q Ne6+ 54. Kf7 Nxf8 55. Kxf8 Kd6 56. Nxb5+ Ke5 57. Ke7 Kd5 58. Kd7 Kc4 59. Nd6+ Kb3 60. Nxb7 Kxa3 61. b5 Kb4 62. Kc6 1-0

[Event "Titled Tuesday intern op 11th Aug"]
[Site "Chess.com INT"]
[Date "2020.08.11"]
[Round "9"]
[White "Fajdetic, Hrvoje"]
[Black "Quinones, Cesar Luis"]
[Result "1/2-1/2"]
[WhiteElo "2151"]
[BlackElo "2154"]
[PlyCount "59"]
[EventDate "2020.08.11"]
[EventType "swiss (blitz)"]
[EventRounds "10"]
[EventCountry "USA"]
[SourceTitle "CBM 197 Extra"]
[Source "ChessBase"]
[SourceDate "2020.09.30"]
[SourceVersion "1"]
[SourceVersionDate "2020.09.30"]
[SourceQuality "1"]

1. d4 d5 2. Bf4 c6 3. e3 Qb6 4. Qc1 Nf6 5. Nd2 Bf5 6. Ngf3 e6 7. h3 h6 8. g4 Bh7 9. Ne5 Nbd7 10. Nxd7 Nxd7 11. Bg2 Be7 12. 0-0 0-0 13. a4 f5 14. Nf3 g5 15. Ne5 Nf6 16. Bg3 fxg4 17. hxg4 Qd8 18. a5 a6 19. f4 Ne4 20. Bxe4 Bxe4 21. Kf2 Kg7 22. c4 Bf6 23. Ke2 Rc8 24. c5 Bxe5 25. fxe5 Qe8 26. Rxf8 Qxf8 27. Qf1 Qe7 28. Qf6+ Qxf6 29. exf6+ Kxf6 30. Rf1+ 1/2-1/2

[Event "Titled Tuesday intern op 11th Aug"]
[Site "Chess.com INT"]
[Date "2020.08.11"]
[Round "1"]
[White "Grinev, Valeriy"]
[Black "Quinones, Cesar Luis"]
[Result "1-0"]
[WhiteElo "2441"]
[BlackElo "2154"]
[PlyCount "97"]
[EventDate "2020.08.11"]
[EventType "swiss (blitz)"]
[EventRounds "10"]
[EventCountry "USA"]
[SourceTitle "CBM 197 Extra"]
[Source "ChessBase"]
[SourceDate "2020.09.30"]
[SourceVersion "1"]
[SourceVersionDate "2020.09.30"]
[SourceQuality "1"]

1. d4 d5 2. c4 c6 3. Nf3 Nf6 4. Nc3 e6 5. e3 Nbd7 6. Be2 dxc4 7. a4 Bb4 8. 0-0 0-0 9. Bxc4 c5 10. Na2 a5 11. Nxb4 axb4 12. b3 Nb6 13. Be2 cxd4 14. Nxd4 Nbd5 15. Bb2 Ne4 16. Nb5 Bd7 17. Qd4 Nef6 18. e4 Nf4 19. Bc4 Bxb5 20. Bxb5 Qxd4 21. Bxd4 Nxe4 22. Rfe1 Nf6 23. Bc5 Rfd8 24. Bxb4 Nd3 25. Bxd3 Rxd3 26. Rab1 h6 27. Bc5 Nd5 28. Red1 Rc3 29. Bd4 Rc2 30. Rbc1 Rac8 31. Rxc2 Rxc2 32. g3 Kh7 33. h4 h5 34. Kg2 Kg6 35. Kf3 f6 36. g4 hxg4+ 37. Kxg4 Kf7 38. h5 Re2 39. Kf3 Rc2 40. Rd3 Rc1 41. a5 Rh1 42. Kg4 Rxh5 43. Rd2 Rh8 44. b4 Rc8 45. Bc5 Kg6 46. Kf3 Kf5 47. Ra2 g5 48. a6 g4+ 49. Kg3 1-0

[Event "Titled Tuesday intern op 11th Aug"]
[Site "Chess.com INT"]
[Date "2020.08.11"]
[Round "2"]
[White "Quinones, Cesar Luis"]
[Black "Papp, Levente"]
[Result "1-0"]
[WhiteElo "2154"]
[BlackElo "2361"]
[PlyCount "121"]
[EventDate "2020.08.11"]
[EventType "swiss (blitz)"]
[EventRounds "10"]
[EventCountry "USA"]
[SourceTitle "CBM 197 Extra"]
[Source "ChessBase"]
[SourceDate "2020.09.30"]
[SourceVersion "1"]
[SourceVersionDate "2020.09.30"]
[SourceQuality "1"]

1. e4 e6 2. d3 d5 3. Nd2 Nf6 4. Ngf3 Bc5 5. e5 Nfd7 6. d4 Bb6 7. c3 c5 8. dxc5 Bxc5 9. Nb3 Bb6 10. Bb5 Nc6 11. 0-0 Qc7 12. Bf4 a6 13. Ba4 Ba7 14. Nbd4 b5 15. Bxb5 axb5 16. Nxb5 Qd8 17. Nd6+ Ke7 18. Re1 h6 19. c4 d4 20. a3 Bb8 21. b4 g5 22. Bg3 Nf8 23. b5 Na5 24. Nxd4 Ba7 25. Qh5 Rh7 26. Rad1 Qb6 27. h4 Rg7 28. Qxh6 Rg6 29. Qh8 Bb7 30. h5 Nd7 31. N6f5+ exf5 32. Nxf5+ Ke6 33. Ng7+ Rxg7 34. Qxg7 Nxc4 35. Qxg5 Ncxe5 36. Bxe5 Qxf2+ 37. Kh2 f6 38. Qg4+ Qf5 39. Qxf5+ Kxf5 40. Rxd7 fxe5 41. Rxb7 Bd4 42. b6 Rxa3 43. Rf7+ Ke6 44. Rf3 Bxb6 45. Rxa3 Bc7 46. Rae3 Kf5 47. Kh3 Bd6 48. g4+ Kf4 49. h6 Kg5 50. Rxe5+ Kxh6 51. Rh5+ Kg7 52. Re6 Bf4 53. Rf5 Bd2 54. Rd5 Kf7 55. Re2 Bb4 56. g5 Kg6 57. Kg4 Bf8 58. Re6+ Kf7 59. Kf5 Be7 60. Rd7 Kf8 61. Rexe7 1-0

[Event "Titled Tuesday intern op 4th Aug 10am"]
[Site "Chess.com INT"]
[Date "2020.08.04"]
[Round "8"]
[White "Ikejiri, Daniel Yoshito"]
[Black "Quinones, Cesar Luis"]
[Result "0-1"]
[WhiteElo "1961"]
[BlackElo "2154"]
[PlyCount "88"]
[EventDate "2020.08.04"]
[EventType "swiss (blitz)"]
[EventRounds "10"]
[EventCountry "USA"]
[SourceTitle "CBM 197 Extra"]
[Source "ChessBase"]
[SourceDate "2020.09.30"]
[SourceVersion "1"]
[SourceVersionDate "2020.09.30"]
[SourceQuality "1"]

1. e4 c5 2. Nf3 Nc6 3. d4 cxd4 4. Nxd4 Nf6 5. Nc3 d6 6. Bg5 e6 7. Qd2 a6 8. 0-0-0 h6 9. Bh4 Nxe4 10. Bxd8 Nxd2 11. Rxd2 Nxd4 12. Rxd4 Kxd8 13. Ne4 d5 14. Be2 Kc7 15. Nc3 Bc5 16. Rf4 f5 17. Rf3 g5 18. h3 b5 19. a3 Rd8 20. Re1 e5 21. Rd3 d4 22. Na2 e4 23. Rdd1 Bb7 24. Bh5 e3 25. fxe3 dxe3 26. Bf3 Bxf3 27. gxf3 Rxd1+ 28. Rxd1 e2 29. Re1 Re8 30. Kd2 Be3+ 31. Kxe2 Bd4+ 32. Kd1 Rxe1+ 33. Kxe1 Bxb2 34. Nb4 a5 35. Nd5+ Kd6 36. Ne3 Ke6 37. Ke2 Bxa3 38. Kd3 Bc5 39. Nd1 h5 40. Nc3 b4 41. Na4 Bd6 42. Nb2 Be5 43. Nc4 a4 44. Kd2 a3 0-1

[Event "Titled Tuesday intern op 16th June"]
[Site "Chess.com INT"]
[Date "2020.06.16"]
[Round "1"]
[White "Quinones, Cesar Luis"]
[Black "Sonis, Francesco"]
[Result "1-0"]
[WhiteElo "2154"]
[BlackElo "2490"]
[PlyCount "77"]
[EventDate "2020.06.16"]
[EventType "swiss (blitz)"]
[EventRounds "10"]
[EventCountry "USA"]
[SourceTitle "EXT 2021"]
[Source "ChessBase"]
[SourceDate "2020.10.23"]
[SourceVersion "1"]
[SourceVersionDate "2020.10.23"]
[SourceQuality "1"]

1. e4 e5 2. Nf3 Nc6 3. Bb5 a6 4. Ba4 d6 5. c3 g6 6. d4 Bd7 7. 0-0 Bg7 8. Bg5 Nge7 9. dxe5 dxe5 10. Qe2 h6 11. Be3 0-0 12. Rd1 Qc8 13. h3 Be6 14. Bc5 Rd8 15. Nbd2 g5 16. Nf1 b5 17. Bb3 Ng6 18. Bxe6 Qxe6 19. Ng3 Nf4 20. Qe3 g4 21. hxg4 Qxg4 22. b3 Bf8 23. Bxf8 Kxf8 24. Qc5+ Ne7 25. Qxc7 Rxd1+ 26. Rxd1 Neg6 27. Rd8+ Rxd8 28. Qxd8+ Kg7 29. Nf5+ Kh7 30. Ne3 Nh3+ 31. Kf1 Qxe4 32. Qf6 Qb1+ 33. Ne1 Ng5 34. Nf5 Ne6 35. Qxf7+ Kh8 36. Qxg6 Qe4 37. Qxe6 Qg4 38. Qxh6+ Kg8 39. Qe6+ 1-0

[Event "Titled Tuesday intern op 26th May"]
[Site "Chess.com INT"]
[Date "2020.05.26"]
[Round "3"]
[White "Quinones, Cesar Luis"]
[Black "Bulmaga, Irina"]
[Result "1-0"]
[WhiteElo "2154"]
[BlackElo "2440"]
[PlyCount "75"]
[EventDate "2020.05.26"]
[EventType "swiss (blitz)"]
[EventRounds "10"]
[EventCountry "USA"]
[SourceTitle "CBM 196 Extra"]
[Source "ChessBase"]
[SourceDate "2020.07.31"]
[SourceVersion "1"]
[SourceVersionDate "2020.07.31"]
[SourceQuality "1"]

1. e4 Nf6 2. e5 Nd5 3. d4 d6 4. Nf3 Bg4 5. Be2 c6 6. exd6 Qxd6 7. 0-0 Bxf3 8. Bxf3 g6 9. c4 Nf6 10. Nc3 Bg7 11. Be3 0-0 12. Qb3 Qc7 13. Rac1 e6 14. d5 e5 15. Rfd1 Nbd7 16. dxc6 bxc6 17. Qa4 Rfc8 18. c5 Ne8 19. b4 a6 20. Ne4 f5 21. Nd6 e4 22. Be2 Nxd6 23. Rxd6 Be5 24. Bc4+ Kg7 25. Rcd1 Nf6 26. h3 f4 27. Bd4 Bxd6 28. Bxf6+ Kxf6 29. Rxd6+ Kg7 30. Qb3 Rd8 31. Qc3+ Kh6 32. Qe5 Rxd6 33. cxd6 Qd7 34. Qxf4+ Kg7 35. Qe5+ Kh6 36. Be6 Qg7 37. Qxe4 Re8 38. Qh4# 1-0

[Event "Anti Cheating Blitz Cup"]
[Site "Chess.com INT"]
[Date "2020.05.20"]
[Round "2"]
[White "Casella, Bruno"]
[Black "Quinones, Cesar Luis"]
[Result "0-1"]
[WhiteElo "1544"]
[BlackElo "2154"]
[PlyCount "80"]
[EventDate "2020.05.20"]
[EventType "swiss (blitz)"]
[EventRounds "11"]
[EventCountry "USA"]
[SourceTitle "CBM 196 Extra"]
[Source "ChessBase"]
[SourceDate "2020.07.31"]
[SourceVersion "1"]
[SourceVersionDate "2020.07.31"]
[SourceQuality "1"]

1. e4 c5 2. Nf3 d6 3. d4 cxd4 4. Nxd4 Nf6 5. Nc3 Nc6 6. Be3 Ng4 7. Nxc6 bxc6 8. Qd2 Nxe3 9. Qxe3 g6 10. Bd3 Bg7 11. 0-0 0-0 12. f4 Qb6 13. Qxb6 axb6 14. f5 b5 15. a3 Rb8 16. g4 b4 17. axb4 Rxb4 18. Ne2 Rxb2 19. Ra7 Re8 20. Rc7 Bb7 21. g5 Be5 22. fxg6 hxg6 23. Bc4 d5 24. Rxb7 Rxb7 25. exd5 c5 26. d6 exd6 27. Nf4 Bxf4 28. Rxf4 Re5 29. h4 d5 30. Bd3 Rb4 31. Rxb4 cxb4 32. Kf2 Kf8 33. Kf3 Ke7 34. Kf4 Kd6 35. Kg4 Kc5 36. h5 gxh5+ 37. Kxh5 f6 38. Kh6 fxg5 39. Kh5 Kd4 40. Kg4 b3 0-1

[Event "Anti Cheating Blitz Cup"]
[Site "Chess.com INT"]
[Date "2020.05.20"]
[Round "3"]
[White "Quinones, Cesar Luis"]
[Black "Delledonne, Francesco"]
[Result "1-0"]
[WhiteElo "2154"]
[BlackElo "1871"]
[PlyCount "67"]
[EventDate "2020.05.20"]
[EventType "swiss (blitz)"]
[EventRounds "11"]
[EventCountry "USA"]
[SourceTitle "CBM 196 Extra"]
[Source "ChessBase"]
[SourceDate "2020.07.31"]
[SourceVersion "1"]
[SourceVersionDate "2020.07.31"]
[SourceQuality "1"]

1. e4 c5 2. Nf3 Nc6 3. d3 g6 4. Nbd2 Bg7 5. g3 d6 6. Bg2 e6 7. 0-0 Nge7 8. Re1 0-0 9. c3 b5 10. h4 Bb7 11. Qc2 d5 12. Nf1 d4 13. h5 Rc8 14. a4 a6 15. axb5 axb5 16. h6 Bh8 17. Bg5 Qd7 18. N1h2 f6 19. Bd2 c4 20. dxc4 d3 21. Qb3 bxc4 22. Qxc4 Ne5 23. Qa4 Qxa4 24. Rxa4 Nc4 25. Ra7 Rc7 26. b3 Nxd2 27. Nxd2 Rfc8 28. c4 Nc6 29. Ra3 Nb4 30. Ra4 Nc2 31. Rc1 f5 32. exf5 Bxg2 33. Kxg2 exf5 34. Nhf3 1-0

[Event "Anti Cheating Blitz Cup"]
[Site "Chess.com INT"]
[Date "2020.05.20"]
[Round "4"]
[White "Shahinyan, David"]
[Black "Quinones, Cesar Luis"]
[Result "1-0"]
[WhiteElo "2456"]
[BlackElo "2154"]
[PlyCount "57"]
[EventDate "2020.05.20"]
[EventType "swiss (blitz)"]
[EventRounds "11"]
[EventCountry "USA"]
[SourceTitle "CBM 196 Extra"]
[Source "ChessBase"]
[SourceDate "2020.07.31"]
[SourceVersion "1"]
[SourceVersionDate "2020.07.31"]
[SourceQuality "1"]

1. e4 c5 2. Nc3 a6 3. g3 e6 4. Bg2 Nc6 5. d3 g6 6. Be3 d6 7. Qd2 Bg7 8. Nge2 h5 9. h3 Nge7 10. 0-0 0-0 11. Bh6 Nd4 12. Bxg7 Kxg7 13. Nd1 Nxe2+ 14. Qxe2 Rb8 15. Ne3 b5 16. f4 Bb7 17. f5 exf5 18. exf5 Nxf5 19. Nxf5+ gxf5 20. Rxf5 Bxg2 21. Qxh5 f6 22. Kxg2 Qe8 23. Qf3 Qg6 24. Rf1 Rbe8 25. Rf4 Re5 26. h4 f5 27. g4 fxg4 28. Qb7+ Kh6 29. Rxf8 1-0